Movies Quiz

Random Movies or Clickable Quiz

Mad Magazine Movie Spoofs Quiz Stats

 Plays Quiz not verified by Sporcle

Challenge
Share
Tweet
Embed
Score 0/53 Timer 08:00
0 Plays Today
% Correct
Lawrence Of Arabia
98.2%
2001: A Space Odyssey
97.4%
Gunfight At The O.K. Corral
96.9%
Rosemary's Baby
96.5%
Midnight Cowboy
96.5%
Aliens
96.5%
Titanic
96.5%
Hud
96.1%
Willard
96.1%
The Godfather Part II
96.1%
Earthquake
96.1%
One Flew Over The Cuckoo's Nest
96.1%
Rocky
96.1%
Hannah And Her Sisters
96.1%
Top Gun
96.1%
Indiana Jones And The Last Crusade
96.1%
The Silence Of The Lambs
96.1%
Jurassic Park
96.1%
Die Hard With A Vengeance
96.1%
Face-Off
96.1%
Goodbye, Columbus!
95.6%
The Poseidon Adventure
95.6%
Animal House
95.6%
Kramer Vs. Kramer
95.6%
Raging Bull
95.6%
Poltergeist
95.6%
Mr Holland's Opus
95.6%
% Correct
Gladiator
95.6%
Lara Croft: Tomb Raider
95.6%
Invasion Of The Body Snatchers
95.6%
Bunny Lake Is Missing
95.2%
Cool Hand Luke
95.2%
Dog Day Afternoon
95.2%
Paper Moon
95.2%
Grease
95.2%
Basic Instinct
95.2%
Star Wars Episode I: The Phantom Menace
95.2%
Twilight Saga
94.7%
Hush, Hush, Sweet Charlotte
94.3%
Star Trek: The Motion Picture
94.3%
Iron Man
94.3%
The Hunger Games
94.3%
Spider-Man 2
94.3%
X-Men
93.9%
Lord Of The Rings: The Two Towers
93.9%
Star Wars Episode III: Revenge of the Sith
93.9%
Superman Returns
93.9%
The Dark Knight Rises
93.9%
Harry Potter And The Deathly Hallows-Part 2
93.4%
Blow-Up
93%
Halloween H2O
91.7%
Harry Potter and the Chamber of Secrets
85.5%
Harry Potter And The Prisoner Of Azkaban
84.6%

You're not logged in!

Compare scores with friends on all Sporcle quizzes.
Join for Free
OR
Log In

You Might Also Like...

Show Comments

Extras

Top Quizzes Today


Score Distribution

Your Account Isn't Verified!

In order to create a playlist on Sporcle, you need to verify the email address you used during registration. Go to your Sporcle Settings to finish the process.

Report this User

Report this user for behavior that violates our Community Guidelines.

Details: